=LDR 00000nam 2200000 4500 =001 INLIS000000000019085 =005 20130612114205 =008 ***********************************Ind** =035 ##$$0010-061300000019085 =041 ##$$a Ind =090 ##$$a 342.259 8, Tri p =100 ##$$a Trimurti, SK =245 ##$$a Penjabaran pasal 33 UUD 1945, SK Trimurti =260 ##$$a 1978 $b Jakarta =300 ##$$a 81 hlm, ilus, 21 cm =650 ##$$a UUD 1945 pasal 33 =850 ##$$a NBPNMAT